[Event "COL-chT"]
[Site "Risaralda"]
[Date "2023.11.21"]
[Round "5.4"]
[White "Gonzalez Lopez, Nicolas Mateo"]
[Black "Arango Alvarez, Alejandro"]
[Result "1-0"]
[WhiteElo "2190"]
[BlackElo "1471"]
[PlyCount "61"]
[EventDate "2023.11.19"]
[EventType "team-swiss"]
[EventRounds "7"]
[EventCountry "COL"]
[SourceTitle "CB49_2023"]
[SourceDate "2023.12.06"]
[SourceVersion "1"]
[SourceVersionDate "2023.12.06"]
[SourceQuality "1"]
[WhiteTeam "Bogota"]
[BlackTeam "Cesar"]
[WhiteTeamCountry "COL"]
[BlackTeamCountry "COL"]

1. c4 Nf6 2. Nc3 g6 3. g3 Bg7 4. Bg2 0-0 5. d4 d6 6. h3 c6 7. e4 e5 8. Nge2 Qb6 9. d5 cxd5 10. cxd5 Nbd7 11. 0-0 Nc5 12. Rb1 a5 13. Be3 Bd7 14. b3 Qc7 15. Qd2 b6 16. Rfc1 Rfc8 17. a3 Qb7 18. b4 axb4 19. axb4 Na4 20. Nxa4 Rxc1+ 21. Qxc1 Rxa4 22. Nc3 Ra8 23. b5 Rc8 24. Qa3 Be8 25. Na4 Ra8 26. Qb3 Nd7 27. Bf1 Nc5 28. Bxc5 bxc5 29. Nb2 Bf8 30. Nc4 Bd7 31. Qc3 1-0